| 000 | 00550nam a22001817a 4500 | ||
|---|---|---|---|
| 010 | _aENG-120649 | ||
| 020 |
_a9788186772423 _c895.00 |
||
| 035 | _aEN-104181 | ||
| 037 | _bDBAD/PUB | ||
| 082 | _a342.54 | ||
| 100 | _aJagarajan, D.Jothi | ||
| 245 |
_aComparative constitutional law / _cby D.Jothi Jagarajan |
||
| 260 |
_aNew Delhi _bNew Academic Publishers _c2011 |
||
| 270 |
_aS.K Puri, _bDelhi _e110002 |
||
| 300 |
_axiv, 227p. _b23cm(Hb). |
||
| 500 | _aIncludes bibliographical references | ||
| 942 |
_2ddc _cEN _h342.54 _mJAG |
||
| 999 |
_c144431 _d144431 |
||